Educación para el trabajo: (Record no. 156013)
[ view plain ]
| 000 -CABECERA | |
|---|---|
| campo de control de longitud fija | 00479nam a2200145 a 4500 |
| 005 - FECHA Y HORA DE LA ÚLTIMA TRANSACCIÓN | |
| campo de control | 20210219161356.0 |
| 008 - ELEMENTOS DE LONGITUD FIJA--INFORMACIÓN GENERAL | |
| campo de control de longitud fija | 120326s1994 mx r 000 0 spa d |
| 035 ## - NÚMERO DE CONTROL DEL SISTEMA | |
| Número de control de sistema | UPN01000183910 |
| 049 ## - COLECCIÓN | |
| Colección | UNE |
| 080 #4 - NÚMERO DE CLASIFICACIÓN DECIMAL UNIVERSAL | |
| Número de la Clasificación Decimal Universal | 37: 331 (7/8) "1994" EDU |
| 245 00 - MENCIÓN DE TÍTULO | |
| Título | Educación para el trabajo: |
| Resto del título | innovaciones educativas. |
| 260 ## - PUBLICACIÓN, DISTRIBUCIÓN, ETC. | |
| Lugar de publicación, distribución, etc. | Washington, D. C. |
| Nombre del editor, distribuidor, etc. | OEA, |
| Fecha de publicación, distribución, etc. | 1994. |
| 300 ## - DESCRIPCIÓN FÍSICA | |
| Extensión | 197 p. |
| 440 #0 - MENCIÓN DE SERIE/ASIENTO SECUNDARIO--TÍTULO | |
| Título | Documento de trabajo del proyecto multinacional de educación para el trabajo (PMET) ; |
| Designación de volumen o secuencia | 26. |
| Estado de retiro | Estado de pérdida | Fuente del sistema de clasificación o colocación | Estado dañado | No para préstamo | Código de colección | Localización permanente | Ubicación/localización actual | Ubicación en estantería | Fecha de adquisición | Clasificación | Código de barras | Fecha visto por última vez | Número de copia | Tipo de ítem Koha |
|---|---|---|---|---|---|---|---|---|---|---|---|---|---|---|
| Library of Congress Classification | Disponible (Préstamo en sala) | UNESCO | Bib. Gregorio Torres Quintero | Bib. Gregorio Torres Quintero | Colecciones especiales Planta alta | 03/02/2023 | 37: 331 (7/8) "1994" EDU | U6271 | 31/12/2020 | 1 | Libro |
